| 000 | 00463nam a22001577a 4500 | ||
|---|---|---|---|
| 008 | 230615b |||||||| |||| 00| 0 eng d | ||
| 040 |
_aNational Science Library _cNational Science Library |
||
| 080 |
_a621.39 _bN9 |
||
| 100 |
_aOlufs, Dick W _911783 |
||
| 245 | _aMaking of telecommunications policy | ||
| 260 |
_aLondon: _bLynne Rienner Publisher, _c1999 |
||
| 300 | _aix, 213p. | ||
| 650 | _aTelecommunication | ||
| 653 | _aMarketing | ||
| 942 |
_2udc _cBK |
||
| 999 |
_c43856 _d43856 |
||